Three screenplays: Viridiana, the exterminating angel, Simon of the desert
שמור ב:
| מחבר ראשי: | |
|---|---|
| פורמט: | ספר |
| שפה: | אנגלית |
| יצא לאור: |
Nueva York
The Orion Press
1969
|
| נושאים: | |
| תגים: |
הוספת תג
אין תגיות, היה/י הראשונ/ה לתייג את הרשומה!
|
MARC
| LEADER | 00000nam a2200000 a 4500 | ||
|---|---|---|---|
| 001 | UCV8449 | ||
| 003 | CL-VaPUC | ||
| 008 | 910730e19690000US |||||||||||||||||eng|d | ||
| 082 | 0 | 4 | |a 791.437 |b BUÑ |2 21 |
| 100 | 0 | |a Buñuel, Luis |e author |9 266483 | |
| 245 | 1 | 0 | |a Three screenplays: Viridiana, the exterminating angel, Simon of the desert |
| 300 | |a 245 p | ||
| 942 | |c BK | ||
| 945 | |d 19910730 00:00:00 | ||
| 260 | |a Nueva York |b The Orion Press |c 1969 | ||
| 650 | 0 | |a Productores y directores de cine |9 266427 | |
| 583 | |a last modification |c 19910730 00:00:00 |k Rodrigo Vera | ||
| 999 | |c 213962 |d 213960 | ||
| 952 | |0 0 |1 0 |2 ddc |4 0 |6 791_437000000000000_BUÑ_1969 |7 0 |8 P |9 196893 |a BIBARQ |b BIBARQ |d 2019-11-14 |i 2646609 |o 791.437 BUÑ 1969 |p 2646609 |r 2025-01-20 |w 2019-11-14 |y BK |k ARQ | ||